000 00567nam a2200193Ia 4500
005 20250508160918.0
008 008 250505s9999 xx 000 0 eng d
020 _a0 7069 0418 4
037 _aTextual
040 _aFEDL
_beng
_cFEDL
041 _aeng
_2eng
084 _a378.9, JOH
_qFEDL
100 _aJohn V V
_9393241
245 0 _aFreedom to learn : The challenge for the autonomous college
260 _aDelhi, India
_bVikas Publishing House Pvt Ltd
_c1976
300 _axiv,108p
942 _cTEXL
_h378.9, JOH
999 _c1367348
_d1367348